Statistiken für Bekannte Fußballstadien

Klicken Sie hier um das Quiz zu spielen!

Allgemein

  • Dieses Quiz wurde 166 mal gespielt
  • Das Durchschnittsergebnis liegt bei 14 aus 20

Antwortstatistiken

StadionVerein% Korrekt
Camp NouFC Barcelona
99%
Allianz-ArenaFC Bayern München
96%
Signal-Iduna-ParkBorussia Dortmund
94%
Anfield RoadFC Liverpool
92%
Santiago BernabeuReal Madrid
92%
Celtic ParkCeltic Glasgow
90%
Old TraffordManchester United
89%
Parc des PrincesParis Saint-Germain
87%
Johan-Cruyff-ArenaAjax Amsterdam
85%
Stamford BridgeFC Chelsea
83%
Stadio Diego Armando MaradonaSSC Neapel
80%
Emirates StadiumFC Arsenal
77%
Guiseppe-Meazza-StadionInter Mailand | AC Mailand
75%
Orange VélodromeOlympique Marseille
59%
MetropolitanoAtletico Madrid
54%
De KuipFeyenoord Rotterdam
48%
Estadio da LuzBenfica Lissabon
43%
OlimpicoLazio Rom | AS Rom
39%
Parken-StadionFC Kopenhagen
31%
Rams ParkGalatasaray Istanbul
15%

Verteilung der Resultate

Perzentil nach korrekt beantworteten Fragen

Anzahl Personen mit jedem Resultat

Ihre Resultats-Entwicklung

Sie haben dieses Quiz noch nicht gespielt